000 00897nmm a2200289 a 4500
001 ocm000598020
003 TR-IsHL
005 20201028130352.0
008 130927s2007 tu tur
007 cr cn
020 _a9789944249270
035 _a598020
_b(N$T)
050 0 4 _aPQ2346.S3
_bK5 2007
090 0 4 _aPQ2346.S3
_bK5 2007
100 1 _aMalot, Hector
245 1 0 _aKimsesiz çocuk
_h[electronic resource] /
_cHector Malot ; haz. Derya Günay
250 _a1. bs.
260 _aİstanbul :
_bBirleşik Yayın Grubu,
_c2007
300 _a104 p.
650 4 _aDil ve Edebiyat
650 4 _aLanguage and Literature
650 0 _aFransız romanı
650 0 _aFrench fiction
650 7 _aLITERARY COLLECTIONS / European / French
_2bisacsh
700 1 _aGünay, Derya
856 4 0 _uhttp://search.ebscohost.com/login.aspx?direct=true&scope=site&db=e011xww&AN=598020
999 _c3985
_d3985